header

Let's have a tree party (Record no. 263288)

MARC details
000 -LEADER
fixed length control field 00312nam a22001217a 4500
020 ## - INTERNATIONAL STANDARD BOOK NUMBER
ISBN 9780763637040
100 ## - MAIN ENTRY--AUTHOR NAME
Personal name Martin, David,
245 ## - TITLE STATEMENT
Title Let's have a tree party
250 ## - EDITION STATEMENT
Edition statement 1st ed.
260 ## - PUBLICATION, DISTRIBUTION, ETC. (IMPRINT)
Place of publication Somerville, Mass.
Name of publisher Candlewick Press,
Year of publication 2012.
300 ## - PHYSICAL DESCRIPTION
Number of Pages 1 v. (unpaged) :
Other physical details col. ill. ;
942 ## - ADDED ENTRY ELEMENTS (KOHA)
Koha item type Long Loan Books
Holdings
Withdrawn status Lost status Collection code Home library Current library Shelving location Date acquired Accession Number Koha item type
    Fiction Rongo University Library Rongo University Library Children's Area 08/03/2024 CL4072021 Long Loan Books

© 2026 Rongo University
Contact us: librarian | system librarian | Rongo university